| 000 | 00657nam a2200193 a 4500 | ||
|---|---|---|---|
| 001 | 000037347 | ||
| 005 | 20200930080315.0 | ||
| 008 | 120328s1980 xxu 000 0 spa d | ||
| 020 | _a0538228601 | ||
| 040 |
_aDO-SdBNP _bspa _cBNPHU |
||
| 082 |
_axxxxxxx _bxxxxxxx |
||
| 100 | 1 |
_aMatz, Adolph _963812 |
|
| 245 | 1 | 0 |
_aContabilidad de costos : _bplanificación y control / _cAdolph Matz, Milton F. Usry ; traducción Braulio Vásquez Gallardo. |
| 260 |
_aCincinnati, : _bSouth-Western, _c1980. |
||
| 300 |
_av. ; _c24 cm. |
||
| 500 | _aLa biblioteca posee el volumen 2 | ||
| 700 | 1 |
_aUsry, Milton F. _963813 |
|
| 700 | 1 |
_aVásquez Gallardo, Braulio, _etr. _963814 |
|
| 999 |
_c36837 _d36837 |
||